Statistics for OHL Team Stadium Quiz

Click here to take the quiz!

General Stats

  • This quiz has been taken 50 times
  • The average score is 14 of 20

Answer Stats

HintAnswer% Correct
Peterborough Memorial CentrePeterborough
100%
Sudbury Community ArenaSudbury
100%
Erie Insurance ArenaErie
88%
Leons CentreKingston
88%
Budweiser GardensLondon
88%
North Bay Memorial GardensNorth Bay
88%
FirstOntario CentreHamilton
75%
Dom Cardillo ArenaKitchener
75%
J.D. McArthur Arena @ Harry Lumley
Bayshore Community Centre
Owen Sound
75%
Wendler Arena @ Dow Event CenterSaginaw
75%
GFL Memorial GardensSault Ste. Marie
75%
Dort Federal Credit Union Event CenterFlint
63%
Meridian CentreNiagara
63%
Tribute Communities CentreOshawa
63%
TD PlaceOttawa
63%
Sadlon ArenaBarrie
50%
Sleeman CentreGuelph
50%
Paramount Fine Foods CentreMissisauga
50%
Progressive Auto Sales ArenaSarnia
50%
WFCU CentreWindsor
50%

Score Distribution

Percentile by Number Answered

Percent of People with Each Score

Your Score History

You have not taken this quiz